Paesi più Vicini all'Indonesia - Statistics

Statistiche generali
  • Questo quiz è stato fatto 3.581 volte
  • Il punteggio medio è 17 su 20
Statistiche sulle risposte
km Paese Miglia % Corretto
146 Australia 90
96%
1561 Cina 970
93%
179 India 111
93%
600 Vietnam 373
93%
1105 Laos 687
91%
0 Malesia 0
91%
301 Thailandia 187
91%
0 Papua Nuova Guinea 0
89%
6 Singapore 4
89%
768 Cambogia 477
88%
168 Filippine 105
87%
539 Birmania 335
84%
40 Brunei 25
80%
0 Timor Est 0
80%
1475 Sri Lanka 917
79%
2033 Taiwan 1263
76%
1719 Bangladesh 1068
73%
1103 Stati Federati di Micronesia 685
69%
793 Palau 482
66%
1701 Isole Salomone 1057
59%
Nessun quiz corrispondente trovato
Distribuzione punteggi
Percentuale di utenti per punteggio
Percentile per numero di risposta
I tuoi punteggi nel tempo
Non hai fatto questo quiz